[Event "Extremadura-chT Honor"]
[Site "Badajoz"]
[Date "2011.01.29"]
[Round "4"]
[White "Garcia Romero, Benjamin Abel"]
[Black "Galan Martin, Pedro Juan"]
[Result "1-0"]
[WhiteElo "2232"]
[BlackElo "2119"]
[PlyCount "46"]
[EventDate "2011.01.08"]
[EventType "team"]
[EventRounds "9"]
[EventCountry "ESP"]
[SourceTitle "EXT 2014"]
[Source "ChessBase"]
[SourceDate "2013.11.20"]
[SourceVersion "1"]
[SourceVersionDate "2013.11.20"]
[SourceQuality "1"]

1. c4 e5 2. Nc3 Nf6 3. g3 d5 4. cxd5 Nxd5 5. Bg2 Nb6 6. Nf3 Nc6 7. 0-0 Be7 8. a3 0-0 9. b4 Re8 10. d3 Bf8 11. Be3 Bg4 12. Ng5 Rb8 13. Qb3 Qd7 14. h3 Nd4 15. Bxd4 exd4 16. hxg4 dxc3 17. Bf3 h6 18. Ne4 Nd5 19. Rac1 c6 20. Nxc3 Nf6 21. Qc4 Kh8 22. Qf4 Qd6 23. Qf5 Qd8 1-0

[Event "ESP-ch U18"]
[Site "Granada"]
[Date "2009.07.20"]
[Round "2"]
[White "Galan Martin, Pedro Juan"]
[Black "Alonso Rosell, Alvar"]
[Result "0-1"]
[WhiteElo "2122"]
[BlackElo "2461"]
[PlyCount "102"]
[EventDate "2009.07.20"]
[EventType "swiss"]
[EventRounds "9"]
[EventCountry "ESP"]
[SourceTitle "CBM 131 Extra"]
[Source "ChessBase"]
[SourceDate "2009.09.03"]
[SourceVersion "2"]
[SourceVersionDate "2009.09.16"]
[SourceQuality "1"]

1. e4 c5 2. Nf3 d6 3. d4 cxd4 4. Nxd4 Nf6 5. Nc3 a6 6. Be2 e5 7. Nb3 Be7 8. 0-0 0-0 9. Kh1 b6 10. f3 Bb7 11. a4 Nc6 12. Bg5 Nb4 13. Nb1 Nh5 14. Bxe7 Qxe7 15. c3 Nc6 16. Na3 Qc7 17. Nc4 Rad8 18. a5 b5 19. Ne3 Nf4 20. c4 bxc4 21. Bxc4 Ne7 22. Rc1 Qb8 23. Qc2 Kh8 24. g3 Nfg6 25. Rcd1 Qa8 26. Nd5 Qc8 27. Qe2 Nxd5 28. Bxd5 Ne7 29. Rc1 Qb8 30. Qd3 Bxd5 31. exd5 Qb7 32. Rcd1 Qb4 33. Nd2 Qxa5 34. Ne4 h6 35. Nc3 Qb4 36. f4 exf4 37. Rxf4 Qxb2 38. Rb1 Qa3 39. Rb7 Ng6 40. Rf1 Rc8 41. Qf5 Qxc3 42. Rd7 a5 43. Rxd6 a4 44. g4 a3 45. g5 a2 46. Ra6 Qc4 47. Ra3 Nh4 48. Qf2 Qxd5+ 49. Kg1 hxg5 50. Rxa2 Nf3+ 51. Qxf3 Qxa2 0-1

[Event "ESP-ch U18"]
[Site "Padron"]
[Date "2008.07.31"]
[Round "7"]
[White "Rubio Mejia, Luis Ignacio"]
[Black "Galan Martin, Pedro Juan"]
[Result "1-0"]
[WhiteElo "2386"]
[BlackElo "2114"]
[PlyCount "89"]
[EventDate "2008.07.27"]
[EventType "swiss"]
[EventRounds "9"]
[EventCountry "ESP"]
[SourceTitle "CBM 125 Extra"]
[Source "ChessBase"]
[SourceDate "2008.09.01"]
[SourceVersion "1"]
[SourceVersionDate "2008.09.01"]
[SourceQuality "1"]

1. d4 e6 2. c4 c5 3. d5 exd5 4. cxd5 d6 5. Nc3 g6 6. e4 Bg7 7. Nf3 Nf6 8. Nd2 0-0 9. Be2 Re8 10. 0-0 Nbd7 11. Qc2 a6 12. a4 Qc7 13. b3 Ne5 14. Bb2 Bd7 15. h3 g5 16. a5 Ng6 17. Rfe1 Nf4 18. Bf1 g4 19. hxg4 Nxg4 20. Nf3 Ne5 21. Re3 Ng4 22. Ree1 Ne5 23. Nxe5 Bxe5 24. Re3 Kh8 25. Ne2 Nxe2+ 26. Bxe2 Qd8 27. Bxe5+ dxe5 28. Qxc5 Qf6 29. Rf3 Qg6 30. Rg3 Qf6 31. Qe3 Rac8 32. Rc1 Rxc1+ 33. Qxc1 Rc8 34. Rc3 Rg8 35. Qe3 Qg6 36. Qf3 f5 37. Bd3 f4 38. Be2 Qg5 39. Rc7 Be8 40. Qh3 Bg6 41. Bf3 Qd8 42. Qd7 Qg5 43. Qe7 h6 44. Rxb7 Rc8 45. Qg7# 1-0

[Event "ESP-ch U18"]
[Site "Padron"]
[Date "2008.07.29"]
[Round "4"]
[White "Galan Martin, Pedro Juan"]
[Black "Cucarella Montell, Angels"]
[Result "1-0"]
[WhiteElo "2114"]
[BlackElo "1941"]
[PlyCount "85"]
[EventDate "2008.07.27"]
[EventType "swiss"]
[EventRounds "9"]
[EventCountry "ESP"]
[SourceTitle "CBM 125 Extra"]
[Source "ChessBase"]
[SourceDate "2008.09.01"]
[SourceVersion "1"]
[SourceVersionDate "2008.09.01"]
[SourceQuality "1"]

1. e4 c5 2. Nf3 e6 3. d4 cxd4 4. Nxd4 Nc6 5. Nc3 Qc7 6. Be2 a6 7. 0-0 Nf6 8. Be3 Bb4 9. Na4 Be7 10. c4 Nxe4 11. c5 Nf6 12. Nb6 Rb8 13. Rc1 0-0 14. Bf3 Rd8 15. Qa4 Nxd4 16. Qxd4 e5 17. Qa4 h6 18. Rfd1 Bf8 19. Qh4 Be7 20. Rc4 Re8 21. Qg3 Kh8 22. b4 Bf8 23. a4 Re6 24. a5 Qd8 25. Bc1 d6 26. Bb2 Qe8 27. cxd6 Rxd6 28. Re1 e4 29. h3 Be6 30. Rcxe4 Nxe4 31. Bxe4 Bf5 32. Bxg7+ Kg8 33. Bc3+ Rg6 34. Bxf5 Rxg3 35. Rxe8 Rxg2+ 36. Kxg2 Rxe8 37. Nd7 Bg7 38. Nf6+ Bxf6 39. Bxf6 Kf8 40. Bd4 Rd8 41. Bb6 Re8 42. Bd7 Re5 43. Bc8 1-0

[Event "Burgas op 17th"]
[Site "Ourense"]
[Date "2008.07.09"]
[Round "7"]
[White "Rivas Vila, David"]
[Black "Galan Martin, Pedro Juan"]
[Result "1/2-1/2"]
[WhiteElo "2260"]
[BlackElo "2114"]
[PlyCount "148"]
[EventDate "2008.07.03"]
[EventType "swiss"]
[EventRounds "9"]
[EventCountry "ESP"]
[SourceTitle "CBM 125 Extra"]
[Source "ChessBase"]
[SourceDate "2008.09.01"]
[SourceVersion "1"]
[SourceVersionDate "2008.09.01"]
[SourceQuality "1"]

1. g3 d5 2. f4 Nf6 3. Nf3 c5 4. Bg2 Nc6 5. 0-0 Bg4 6. c3 Bxf3 7. Bxf3 h5 8. d3 Qd7 9. e4 d4 10. Qe2 Rd8 11. e5 Nd5 12. Kh1 g6 13. Be4 Qg4 14. Bf3 Qd7 15. Re1 Bh6 16. c4 Ne3 17. Be4 h4 18. Bxe3 dxe3 19. Qxe3 Nd4 20. Na3 Qg4 21. Kg2 hxg3 22. hxg3 Ne6 23. Rf1 Nxf4+ 24. Rxf4 Bxf4 25. Qxf4 Qe2+ 26. Kg1 Qxb2 27. Rb1 Qxa3 28. e6 f6 29. Bxg6+ Kf8 30. Qd2 Qa6 31. Bf5 Qxc4 32. Qf2 Qd4 33. Qxd4 Rxd4 34. Rxb7 Ra4 35. Rb2 Rb4 36. Rc2 Rb1+ 37. Kg2 Kg7 38. Be4 Rc8 39. Bd5 Rbb8 40. Kf3 f5 41. Rh2 Rh8 42. Rc2 Rb5 43. Bc4 Rb4 44. g4 Rh3+ 45. Kf4 fxg4 46. Kg5 g3 47. Kg4 Rh2 48. Rc1 Rd2 49. Kxg3 Rbb2 50. Kf3 a5 51. Ke4 Kf6 52. Kd5 a4 53. Kxc5 Rdc2 54. Rxc2 Rxc2 55. Kb4 Ke5 56. Kxa4 Rb2 57. Bb3 Kd4 58. Kb5 Kxd3 59. Kc6 Rg2 60. Bd5 Rg8 61. Kd7 Kd4 62. Bb3 Rg7 63. Bd1 Rh7 64. Kc6 Kc4 65. Bb3+ Kb4 66. Kd7 Ka3 67. Kd8 Kb4 68. Bc2 Rg7 69. Ke8 Kc5 70. Kd7 Kb4 71. a4 Rg2 72. Be4 Rd2+ 73. Kxe7 Kxa4 74. Kf6 Rd6 1/2-1/2

[Event "Burgas op 17th"]
[Site "Ourense"]
[Date "2008.07.04"]
[Round "2"]
[White "Guerra Mendez, Jose Angel"]
[Black "Galan Martin, Pedro Juan"]
[Result "1-0"]
[WhiteElo "2456"]
[BlackElo "2114"]
[PlyCount "99"]
[EventDate "2008.07.03"]
[EventType "swiss"]
[EventRounds "9"]
[EventCountry "ESP"]
[SourceTitle "CBM 125 Extra"]
[Source "ChessBase"]
[SourceDate "2008.09.01"]
[SourceVersion "1"]
[SourceVersionDate "2008.09.01"]
[SourceQuality "1"]

1. e4 c5 2. Nf3 Nc6 3. d4 cxd4 4. Nxd4 Nf6 5. Nc3 e5 6. Ndb5 d6 7. Nd5 Nxd5 8. exd5 Nb8 9. c4 Nd7 10. Be2 Be7 11. 0-0 0-0 12. Be3 a6 13. Nc3 Bg5 14. Bxg5 Qxg5 15. b4 b6 16. a4 Rb8 17. Qc1 Qe7 18. Re1 f5 19. Bf1 Qf6 20. f3 g5 21. Qd2 h5 22. a5 bxa5 23. Rxa5 g4 24. Na2 gxf3 25. gxf3 Kh8 26. Kh1 Rg8 27. Qf2 Qg7 28. Ra3 Bb7 29. Rc3 Rbf8 30. Bg2 e4 31. fxe4 fxe4 32. Qe2 Nf6 33. Rg3 Ng4 34. Rf1 Qd4 35. Nc3 Rxf1+ 36. Bxf1 e3 37. Nd1 Qxd1 38. Rxg4 Qxe2 39. Rxg8+ Kxg8 40. Bxe2 Kf7 41. Kg2 Kf6 42. Kf3 Ke5 43. Kxe3 h4 44. Bg4 a5 45. bxa5 Ba6 46. Kd3 Bb7 47. Bd7 Kf6 48. Bb5 Ke7 49. a6 Ba8 50. Bc6 1-0

[Event "Extremadura-ch U18"]
[Site "Spain"]
[Date "2008.03.19"]
[Round "6"]
[White "Gonzalez Cano, Juan Jose"]
[Black "Galan Martin, Pedro Juan"]
[Result "1/2-1/2"]
[WhiteElo "1950"]
[BlackElo "2104"]
[PlyCount "151"]
[EventDate "2008.03.15"]
[EventType "swiss"]
[EventRounds "6"]
[EventCountry "ESP"]
[SourceTitle "EXT 2011"]
[Source "ChessBase"]
[SourceDate "2010.11.26"]
[SourceVersion "1"]
[SourceVersionDate "2010.11.26"]
[SourceQuality "1"]

1. e4 e5 2. Nf3 Nc6 3. Bb5 a6 4. Ba4 Nf6 5. 0-0 b5 6. Bb3 Be7 7. Re1 0-0 8. h3 d6 9. c3 Na5 10. Bc2 c5 11. d4 Qc7 12. Nbd2 cxd4 13. cxd4 Nc6 14. Nb3 a5 15. Be3 a4 16. Nbd2 Bd7 17. Rc1 Qb7 18. Bd3 Bd8 19. Qe2 Rb8 20. dxe5 Nxe5 21. Nxe5 dxe5 22. Bc5 Re8 23. Bd6 Ra8 24. Nf3 Ra6 25. Bb4 Nh5 26. Bd2 Ba5 27. Bxa5 Rxa5 28. g3 Ra6 29. Kh2 Rh6 30. Ng1 Nf6 31. Kg2 Qb6 32. a3 Nh5 33. Qe3 Qg6 34. Kf1 Nf6 35. g4 Bxg4 36. hxg4 Nxg4 37. Qg3 Qh5 38. f3 Nf6 39. Rc2 Rd8 40. Be2 Rg6 41. Qf2 h6 42. Bxb5 Rb8 43. Bc4 Qg5 44. Rec1 Nh5 45. Be2 Rxb2 46. Bc4 Ng3+ 47. Ke1 Nh1 48. Qa7 Qxg1+ 49. Qxg1 Rxg1+ 50. Kd2 Rxc1 51. Kxc1 Rxc2+ 52. Kxc2 Ng3 53. Kd2 h5 54. Ke1 h4 55. Kf2 g5 56. Bb5 f5 57. exf5 Nxf5 58. Bxa4 Nd6 59. Bc6 Kf8 60. a4 Ke7 61. a5 Nc8 62. a6 Kd6 63. Bb5 Kc7 64. Kg2 Kb6 65. Bd3 Ne7 66. Kh3 Nd5 67. Kg4 h3 68. Kg3 Nf4 69. Bf1 Ka7 70. Bxh3 Kxa6 71. Bf5 Kb6 72. Kg4 Kc5 73. Kxg5 Kd4 74. Be4 Ne6+ 75. Kg4 Nc5 76. Ba8 1/2-1/2

[Event "ESP-ch U16"]
[Site "Linares"]
[Date "2007.07.26"]
[Round "8"]
[White "Galan Martin, Pedro Juan"]
[Black "Cabrera Trujillo, Jorge Juan"]
[Result "1/2-1/2"]
[WhiteElo "2095"]
[BlackElo "2324"]
[PlyCount "160"]
[EventDate "2007.07.22"]
[EventType "swiss"]
[EventRounds "9"]
[EventCountry "ESP"]
[SourceTitle "EXT 2008"]
[Source "ChessBase"]
[SourceDate "2007.11.25"]
[SourceVersion "1"]
[SourceVersionDate "2007.11.25"]
[SourceQuality "1"]

1. e4 c5 2. Nf3 d6 3. d4 cxd4 4. Nxd4 Nf6 5. Nc3 a6 6. Be2 e5 7. Nb3 Be7 8. 0-0 0-0 9. Kh1 b6 10. f3 Bb7 11. a4 Nc6 12. Bg5 Nb4 13. Nb1 Qc7 14. Na3 Rfd8 15. c3 Nc6 16. Qe1 d5 17. Bxf6 Bxf6 18. exd5 Rxd5 19. Nc4 Bc8 20. Qf2 Rb8 21. Ne3 Rd8 22. Rfd1 Be6 23. Nd2 b5 24. axb5 axb5 25. Ne4 Be7 26. Rxd8+ Qxd8 27. g4 b4 28. Rd1 Qa5 29. Nc4 Qa2 30. Qf1 bxc3 31. bxc3 Qa7 32. Ra1 Qb7 33. Bd3 g6 34. g5 Bd5 35. Rd1 Qc7 36. h4 Nd8 37. Ne3 Bb3 38. Rb1 Ne6 39. Ng4 Nf4 40. Nh6+ Kf8 41. Nd2 Be6 42. Rxb8+ Qxb8 43. Qb1 Qd6 44. Bf1 Qxd2 45. Qb8+ Bd8 46. Qxe5 Nd5 47. Qd6+ Kg7 48. Qxd8 f6 49. gxf6+ Kxh6 50. f7 Bxf7 51. Qf8+ Kh5 52. Qxf7 h6 53. Qd7 g5 54. Qg4+ Kg6 55. Qe4+ Kf6 56. Qd4+ Qxd4 57. cxd4 gxh4 58. Kh2 Nf4 59. Bc4 Kf5 60. Ba2 Kf6 61. Bc4 Ke7 62. Ba2 Kd6 63. Bg8 Kc6 64. Bc4 Kb6 65. Bg8 Kb5 66. Ba2 Kb4 67. Bg8 Kb5 68. Ba2 Kc6 69. Bg8 Kd6 70. Ba2 Ke7 71. Bb1 Kf6 72. Be4 Ne2 73. Kh3 Kg5 74. d5 Nf4+ 75. Kh2 Kf6 76. Kh1 Ke5 77. Kh2 Kd6 78. Kh1 Nxd5 79. Bxd5 Kxd5 80. Kh2 Ke5 1/2-1/2

[Event "Extremadura-chT"]
[Site "Spain"]
[Date "2007.02.24"]
[Round "6.4"]
[White "Galan Martin, Pedro Juan"]
[Black "De Nacimiento Montano, Angel"]
[Result "1-0"]
[WhiteElo "2068"]
[BlackElo "2014"]
[PlyCount "119"]
[EventDate "2007.01.20"]
[EventType "team-swiss"]
[EventRounds "7"]
[EventCountry "ESP"]
[SourceTitle "EXT 2011"]
[Source "ChessBase"]
[SourceDate "2010.11.26"]
[SourceVersion "1"]
[SourceVersionDate "2010.11.26"]
[SourceQuality "1"]
[WhiteTeam "Ateneo Cacereno"]
[BlackTeam "Cuna Ajoblanco"]
[WhiteTeamCountry "ESP"]
[BlackTeamCountry "ESP"]

1. e4 c5 2. Nf3 Nc6 3. Nc3 g6 4. d4 cxd4 5. Nxd4 Bg7 6. Be3 Nf6 7. Bc4 Na5 8. Bb3 Nxb3 9. Nxb3 d6 10. 0-0 Ng4 11. Bf4 0-0 12. Qd2 a5 13. h3 Ne5 14. Bxe5 Bxe5 15. Rab1 Bd7 16. f4 Bg7 17. Kh1 a4 18. Nd4 Qa5 19. Rfd1 Bc6 20. Nxc6 bxc6 21. Ne2 Rfb8 22. b4 axb3 23. axb3 Qxd2 24. Rxd2 Rb4 25. c4 Rab8 26. Nd4 Rxc4 27. bxc4 Rxb1+ 28. Kh2 c5 29. Nc6 Bf8 30. e5 Rc1 31. Na5 Bh6 32. g3 dxe5 33. Rd8+ Kg7 34. fxe5 Rc2+ 35. Kh1 Re2 36. Rd5 Be3 37. Nc6 e6 38. Rd7 Bd4 39. Nd8 Rf2 40. Nxe6+ Kh6 41. Nxd4 cxd4 42. Rxd4 Re2 43. Rd5 Kg5 44. e6+ f5 45. Rd6 Kf6 46. Rd7 h5 47. e7 Kg5 48. c5 Kf6 49. c6 Rxe7 50. c7 Re1+ 51. Kg2 Rc1 52. Kf3 Rc3+ 53. Kf2 Kg5 54. Rh7 f4 55. gxf4+ Kxf4 56. Rg7 Rc2+ 57. Ke1 g5 58. Kd1 Rc5 59. Ke2 Kg3 60. Rxg5+ 1-0

[Event "Extremadura-chT"]
[Site "Spain"]
[Date "2007.01.27"]
[Round "2.3"]
[White "Sanchez Garcia, Jesus Maria"]
[Black "Galan Martin, Pedro Juan"]
[Result "1-0"]
[WhiteElo "2104"]
[BlackElo "2068"]
[PlyCount "97"]
[EventDate "2007.01.20"]
[EventType "team-swiss"]
[EventRounds "7"]
[EventCountry "ESP"]
[SourceTitle "EXT 2011"]
[Source "ChessBase"]
[SourceDate "2010.11.26"]
[SourceVersion "1"]
[SourceVersionDate "2010.11.26"]
[SourceQuality "1"]
[WhiteTeam "Coria"]
[BlackTeam "Ateneo Cacereno"]
[WhiteTeamCountry "ESP"]
[BlackTeamCountry "ESP"]

1. e4 e5 2. Nf3 Nc6 3. d4 exd4 4. Bc4 Bc5 5. c3 Nf6 6. e5 d5 7. Bb5 Ne4 8. 0-0 dxc3 9. Nxc3 Nxc3 10. bxc3 0-0 11. Bg5 Be7 12. Bf4 Bg4 13. Re1 Qd7 14. Qd3 Qf5 15. Qe3 Bxf3 16. gxf3 Nd8 17. Bd3 Qh5 18. Bg3 Ne6 19. f4 Bc5 20. Qd2 a5 21. Be2 Qh6 22. Qxd5 Rad8 23. Qe4 Rd2 24. h4 g6 25. f5 gxf5 26. Qxf5 Kh8 27. Kh2 Be7 28. Qh5 Qg7 29. a4 Rg8 30. Qf3 Qh6 31. Qh5 Qg7 32. Rad1 Rgd8 33. Qf3 Rxd1 34. Rxd1 Rxd1 35. Bxd1 Nc5 36. Qd5 c6 37. Qd4 b6 38. Bf3 Qg6 39. e6+ Kg8 40. exf7+ Kxf7 41. Qf4+ Qf6 42. Bxc6 Qxf4 43. Bxf4 Bxh4 44. Bc7 Bxf2 45. Bxb6 Ne4 46. Bxa5 Nd6 47. Bb4 Ke6 48. a5 Nc8 49. Kg2 1-0

[Event "Extremadura-chT"]
[Site "Spain"]
[Date "2006.03.11"]
[Round "6"]
[White "Garcia Romero, Benjamin Abel"]
[Black "Galan Martin, Pedro Juan"]
[Result "0-1"]
[WhiteElo "2177"]
[BlackElo "2050"]
[PlyCount "116"]
[EventDate "2006.02.04"]
[EventType "team"]
[EventRounds "9"]
[EventCountry "ESP"]
[SourceTitle "EXT 2007"]
[Source "ChessBase"]
[SourceDate "2006.11.23"]
[SourceVersion "1"]
[SourceVersionDate "2006.11.23"]
[SourceQuality "1"]

1. d4 e6 2. c4 c5 3. d5 exd5 4. cxd5 d6 5. Nc3 g6 6. Nf3 Bg7 7. Bf4 Nf6 8. h3 0-0 9. Nd2 Nh5 10. Bh2 f5 11. e3 f4 12. e4 Bd4 13. Be2 Qh4 14. Bg1 Qg5 15. Nf3 Bxc3+ 16. bxc3 Qe7 17. Nd2 Nf6 18. f3 Nbd7 19. Bf2 Ne5 20. Rb1 b6 21. Qc2 Bd7 22. Bh4 Rae8 23. Kd1 Nf7 24. Re1 g5 25. Bf2 Ne5 26. Kc1 Rb8 27. a4 Qe8 28. Bb5 a6 29. Bxd7 Qxd7 30. Kd1 b5 31. axb5 axb5 32. Ke2 Rfc8 33. Kf1 Kf7 34. Ra1 Ra8 35. Nb3 h5 36. Qd2 Rcb8 37. h4 g4 38. Rxa8 Rxa8 39. Rd1 gxf3 40. Qxf4 fxg2+ 41. Kxg2 Rg8+ 42. Bg3 Rg4 43. Nxc5 Qc8 44. Qf5 Qxf5 45. exf5 dxc5 46. Kh3 Ne4 47. Be1 Nf3 48. d6 Nxe1 49. Rxe1 Nxd6 50. Re5 Rc4 51. Kg3 b4 52. cxb4 cxb4 53. Rd5 Ne4+ 54. Kf3 Nc5 55. Ke3 b3 56. Rd2 Rxh4 57. Rf2 Rb4 58. Rb2 Na4 0-1